000 00256nam a2200109Ia 4500
008 240625s9999 xx 000 0 und d
041 _aeng
082 _a332.024 BUC
100 _aBUCCI STEVE
245 _aCREDIT MANAGEMENT KIT FOR DUMMIES
260 _c2011
999 _c35217
_d35217